Advances in Management Accounting Vol. 24

Guardat en:
Dades bibliogràfiques
Autor principal: Marc J. Epstein
Format: Llibre
Publicat: Emerald
Etiquetes: Afegir etiqueta
Sense etiquetes, Sigues el primer a etiquetar aquest registre!

MARC

LEADER 00000nam a2200000Ia 4500
005 20260513122049.0
020 |a 9781784411664 
100 |a Marc J. Epstein 
365 |c £ 
365 |b 28.00 
942 |c BK 
245 |a Advances in Management Accounting Vol. 24 
260 |b Emerald 
999 |c 14  |d 14 
952 |0 0  |1 0  |4 0  |7 0  |a UNSW  |b UNSW  |d 2026-05-06  |g 113.99  |i 16683  |l 0  |p 000054  |r 2026-05-13 12:20:49  |v 113.99  |w 2026-05-13  |y BK